000
00215 a2200097 4500
001
11019
100
_a
Choudhary, G. W.
245
_a
Pakistan Relations with India
260
_a
_b
Pall Mall
_c
090
_c
8587
_d
8587
942
_a
NUST-CAE
_c
M
_c
35363
999
_c
246092
_d
246092